Gaming Quiz

Random Gaming Quiz

FaZeClan Members in 2015-2016 Quiz Stats

 Plays Quiz not verified by Sporcle

Support Sporcle.
Go Orange.
Score 0/56 Timer 15:00
0 Plays Today
% Correct
Rain
94%
Apex
93.9%
Adapt
89.5%
Blaziken
80.5%
Rug
79.7%
Teeqo
78%
Temperrr
75.4%
Banks
73%
Jev
71%
Nikan
68%
Bloo
65.4%
Censor
64%
Kay
62.9%
Agony
60.4%
CBass
59.6%
Carl
58.9%
Linkzy
58.3%
Spratt
56.1%
Replays
53.4%
Kitty
51.7%
Dirty
50.7%
Fakie
50.6%
Hazz
50.2%
Sensei
50.1%
Swan
49.5%
Hugz
49.4%
Jinx
47.9%
Barker
47.5%
% Correct
Attach
46.5%
Clayster
46.4%
ZooMa
44.4%
Enable
42.3%
PryZee
41.2%
Dyn
40.1%
Iced
36%
Ninja
33.7%
Zeimzy
32%
Ruler
31.3%
JPEX
29.8%
Force
29.7%
Kampy
28.2%
JzpR
27.8%
Ali
27.8%
Magic
27.8%
Coan
26.4%
Grizz
24.5%
MDC
24%
Zaibot
23.4%
Nano
22.9%
PenG
22.1%
Reyes
21.9%
Pride
21.9%
ScottC
21.5%
Furran
20.6%
Jebasu
20%
Esca
19.6%

You're not logged in!

Compare scores with friends on all Sporcle quizzes.
OR
Log In

From the Vault

Were They on the Cover of Rolling Stone?

by MSUKent

Their songs get covered. Their albums have covers. But are they on THE cover?
Remove Ads.
Support Sporcle.
Get the best of Sporcle when you Go Orange. This ad-free experience offers more features, more stats, and more fun while also helping to support Sporcle. Thank you for becoming a member.

Show Comments

Extras

Created Jan 12, 2016ReportNominate
Tags:2015-2016, mil

Top Quizzes Today


Score Distribution

Your Account Isn't Verified!

In order to create a playlist on Sporcle, you need to verify the email address you used during registration. Go to your Sporcle Settings to finish the process.

Report this User

Report this user for behavior that violates our Community Guidelines.

Details: